De la historia para el presente.

Kaydedildi:
Detaylı Bibliyografya
Materyal Türü: Bilinmiyor
Dil:İspanyolca
Konular:
Online Erişim:Ver documento en línea
Etiketler: Etiketle
Etiket eklenmemiş, İlk siz ekleyin!

MARC

LEADER 00000c**#a2200000ua#4500
001 000513218
003 DLC
005 20260414000000.0
008 070831c^^^^9999^^^^r1^^^^^^^^0^^^^0spa^d
009 20260414194244.042
022 |a 01851284 
035 |a FCE 000057429 
037 |a Acervo ITESO - Biblioteca 
041 |a spa 
095 |a RLEE  |b 10-1-143. 
245 1 0 |a De la historia para el presente. 
264 |a México :  |b Centro de Estudios Educativos,  |c 2010. 
336 |a texto  |b txt  |2 rdacontenido 
337 |a sin mediación  |b n  |2 rdamedio 
338 |a volumen  |b nc  |2 rdasoporte 
649 |a XX 
650 |a Passeron, Jean-Claude 
650 |a Bourdieu, Pierre 
650 |a Sistema de enseñanza 
650 |a Análisis teórico 
740 |g vol. 40, no. 1, 2010, pp. 143-146  |t Revista Latinoamericana de Estudios Educativos. De la Historia para el Presente, 
856 4 0 |u https://www.cee.edu.mx/rlee/revista/r2001_2010/r_texto/t_2010_1_08.pdf  |y Ver documento en línea 
910 |a Fondo Centro de Estudios Educativos 
920 |a Impresos - Libros 
930 |a Fondos Especiales 
905 |a 133 
902 |a https://opac.biblio.iteso.mx/vufind/Record/000513218